00848 2200325 4500001002100000005001500021035002000036007000300056040001700059100002300076245004000099250001000139300003500149020001800184041000800202082001000210084001600220090002100236264004100257336002100298337003000319338002300349650001100372850001000383008004100393990002200434990002200456990002200478990002200500INLIS00000000000958620260416025023 a0010-1222000191ta aSBPUPADbind0 aRubiyarePengarang1 aKreasi Unik Kertas Koran /cRubiyar aCet.2 aviii,40 hlm. :bilus. ;c18 cm a979-3842-40-70 aind a745.5 a745.5 RUB k a745.5 SET a 22-8 aSurabaya :bTrubus Agrisarana,c2007 2rdacontentateks 2rdamediaatanpa perantara 2rdacarrieravolume 4aKreasi aPUPAD260416 0  a3820/B/ARPUS/2008 a3821/B/ARPUS/2008 a3822/B/ARPUS/2008 a3823/B/ARPUS/2008